| 000 | 00390 a2200157 4500 | ||
|---|---|---|---|
| 001 | 57190 | ||
| 020 | _a8576351056 | ||
| 040 | _cAnchieta - Pituba | ||
| 100 | _aBown, Ricardo | ||
| 240 | 1 | 0 |
_aRefugiados em busca de um mundo sem fronteiras _lpor |
| 245 | 1 | 0 | _aRefugiados em busca de um mundo sem fronteiras |
| 300 | _a126 | ||
| 362 | 0 | _a2005 | |
| 650 | 4 | _aLiteratura juvenil | |
| 942 | _cBK | ||
| 999 |
_c57190 _d57190 |
||